<?xml version="1.0" encoding="UTF-8"?>
<collection xmlns="http://www.loc.gov/MARC21/slim">
 <record>
  <leader>10208nam a2200325 a 4500</leader>
  <controlfield tag="001">1/49000</controlfield>
  <controlfield tag="008">190711s2012    gr       b    00010 gre  </controlfield>
  <datafield tag="020" ind1=" " ind2=" ">
   <subfield code="a">978 960 08 0602 1</subfield>
  </datafield>
  <datafield tag="035" ind1=" " ind2=" ">
   <subfield code="l">51999</subfield>
  </datafield>
  <datafield tag="040" ind1=" " ind2=" ">
   <subfield code="a">GR-PeUP</subfield>
  </datafield>
  <datafield tag="082" ind1="0" ind2="0">
   <subfield code="a">361.26 ΜΑΡ</subfield>
  </datafield>
  <datafield tag="100" ind1="1" ind2=" ">
   <subfield code="a">Μαρούδα, Μαρία-Ντανιέλλα.</subfield>
  </datafield>
  <datafield tag="245" ind1="1" ind2="0">
   <subfield code="a">Περί του ανθρωπιστικού χώρου στον 21ο αιώνα :</subfield>
   <subfield code="b">Ανάδυση, διαστάσεις, νομικό πλαίσιο για αποτελεσματική και νόμιμη ανθρωπιστική δράση = Humanitaria space discourse in the 21st century: Emergence, dimensions, legal framework for an effectice and legal humanitarian action /</subfield>
   <subfield code="c">Μαρια-Ντανιέλλα Μαρούδα ;πρόλογος Στέλιος Περράκης.</subfield>
  </datafield>
  <datafield tag="260" ind1="0" ind2=" ">
   <subfield code="a">Αθήνα :</subfield>
   <subfield code="b">Εκδόσεις Ι. Σιδέρη,</subfield>
   <subfield code="c">2012.</subfield>
  </datafield>
  <datafield tag="300" ind1=" " ind2=" ">
   <subfield code="a">410 σ. ;</subfield>
   <subfield code="c">24 εκ.</subfield>
  </datafield>
  <datafield tag="500" ind1=" " ind2=" ">
   <subfield code="a">Περιεχόμενα: Η προβληματική της σύγχρονης ανθρωπιστικής δράσης: εισαγωγικά.--Αμφιλεγόμενες εικόνες γύρω από τη σύγχρονη ανθρωπιστική δράση: Από το Ιράκ και τη Μέση Ανατολή στο Αφγανιστάν, τη Σομαλία και τη Λιβύη.--Η προβληματική ενός &quot;Ανθρωπιστικού Χώρου&quot; Η σημασία του διεθνούς δικαίου στην ανθρωπιστική δράση.--Ο σύγχρονος &quot;ανθρωπιστής&quot; Στόχοι της μελέτης.--ΜΕΡΟΣ 1ο Η ΑΝΑΔΥΣΗ ΤΟΥ ΑΝΘΡΩΠΙΣΤΙΚΟΥ ΧΩΡΟΥ -Η ΜΕΤΑΒΑΣΗ ΑΠΟ ΤΗΝ ΑΝΘΡΩΠΙΣΤΙΚΗ ΙΔΕΑ ΣΤΟΝ ΑΝΘΡΩΠΙΣΤΙΚΟ ΧΩΡΟ/ESPACE HUMANITAIRE.--Η &quot;ανθρωπιστική ιδέα&quot; ως φιλοσοφική και δικαιϊκή προσέγγιση Εισαγωγικά: το καθήκον, η κοινωνική ευθύνη, η φιλανθρωπία.--Η ανθρωπιστική ιδέα μέσα από τη θρησκεία.--Δικαιικές φιλοσοφικές αντιλήψεις περί του ανθρωπισμού.--Ο ανθρωπισμός στον 20ο αιώνα: Η ταυτότητα των σύγχρονων ανθρωπιστικών οργανώσεων.--ENΝΟΙΟΛΟΓΙΚΕΣ ΠΡΟΣΕΓΓΙΣΕΙΣ-ΟΡΙΣΜΟΙ .--Ανθρωπιστική δράση.--Ανθρωπιστική βοήθεια.--Διακρίσεις ανάμεσα στην ανθρωπιστική δράση και την αναπτυξιακή βοήθεια, ή τη δράση για την πρόληψη συγκρούσεων, την οικοδόμηση της ειρήνης, ή την προαγωγή των δικαιωμάτων του ανθρώπου.--Από τον &quot;Χώρο Ανθρωπιστικής Δράσης&quot; σε έναν &quot;Ανθρωπιστικό Χώρο&quot; -ΟΡΙΟΘΕΤΗΣΕΙΣ ΚΑΙ ΝΟΜΙΚΟ ΠΛΑΙΣΙΟ ΣΤΟΝ ΑΝΘΡΩΠΙΣΤΙΚΟ ΧΩΡΟ.--Οι πρωταγωνιστές του ανθρωπιστικού χώρου.--Οι δικαιούχοι.--Οι υπόχρεοι: Ποιους δεσμεύει το ΔΑΔ και πιο συγκεκριμένα το νομικό πλαίσιο ανθρωπιστικής δράσης; Το ΔΑΔ απευθύνεται και αφορά στους ανθρωπιστικούς δρώντες.--Η νομική ρύθμιση του Ανθρωπιστικού Χώρου Εισαγωγικά: Ο πυρήνας του Ανθρωπιστικού Χώρου: το Ανθρωπιστικό Δίκαιο (ΔΑΔ).--Το περιεχόμενο των ρυθμίσεων, σεβασμός και προστασία για την ανθρωπιστική δράση.--Διατάξεις δικαιωμάτων του ανθρώπου που εφαρμόζονται για την παροχή ανθρωπιστικής βοήθειας σε κάθε περίσταση Προστασία προσώπων στη διάρκεια φυσικών καταστροφών -ΟΙ ΠΡΟΫΠΟΘΕΣΕΙΣ ΝΟΜΙΜΗΣ ΑΝΘΡΩΠΙΣΤΙΚΗΣ ΔΡΑΣΗΣ ΚΑΙ ΤΑ ΟΡΙΑ ΤΟΥΣ.--Ο Ανθρωπιστικός Χώρος: ένας πρότυπος Χώρος αρχών και αξιών Συμμόρφωση προς το πρώτο συστατικό του &quot;Χώρου Ανθρωπισμού&quot;: Τις αρχές που διέπουν την ανθρωπιστική δράση: ανθρωπισμός, αμεροληψία, ανεξαρτησία, ουδετερότητα.--Συμμόρφωση προς το δεύτερο συστατικό του &quot;Χώρου Ανθρωπισμού&quot;: Η δράση με τη συναίνεση των ενδιαφερομένων.--Μερών Το νομικό πλαίσιο του Ανθρωπιστικού Χώρου περιλαμβάνει δικαίωμα στην ανθρωπιστική δράση για τον άμαχο πληθυσμό και άρα ελευθερία πρόσβασης για τους ανθρωπιστικούς δρώντες; ΜΕΡΟΣ 2ο ΣΥΓΧΡΟΝΕΣ ΠΡΟΚΛΗΣΕΙΣ ΚΑΙ ΔΙΑΦΥΛΑΞΗ ΤΟΥ ΑΝΘΡΩΠΙΣΤΙΚΟΥ ΧΩΡΟΥ ΓΙΑ ΕΛΕΥΘΕΡΗ ΚΑΙ ΑΣΦΑΛΗ ΠΡΟΣΒΑΣΗ ΓΙΑ ΤΙΣ ΑΝΘΡΩΠΙΣΤΙΚΕΣ ΟΡΓΑΝΩΣΕΙΣ -ΟΙ ΕΓΓΕΝΕΙΣ ΑΔΥΝΑΜΙΕΣ ΤΟΥ ΝΕΟΥ ΑΝΘΡΩΠΙΣΜΟΥ ΤΟΝ 21ο ΑΙΩΝΑ Παράδοξα, αντιφάσεις, απογοητεύσεις: Από τη Ρουάντα στο Νταρφούρ.--Η πολυπλοκότητα των σύγχρονων ανθρωπιστικών κρίσεων λόγω των μεταβολών του παγκόσμιου γεωπολιτικού περιβάλλοντος Πληθώρα ανθρωπιστικών δρώντων: παραδοσιακοί-νέοι ή γενικώς αμφιλεγόμενοι; Η αποτυχία πρόληψης αλλά και έγκαιρης αντιμετώπισης ανθρωπιστικών κρίσεων μεταβάλλει την ανθρωπιστική βοήθεια σε υποκατάστατο πολιτικής επίλυσης της διαφοράς.--Η μεταρρύθμιση των Ηνωμένων Εθνών στο πλαίσιο ενοποιημένων επιχειρήσεων πολιτικο-στρατιωτικής διάστασης και οι επιπτώσεις στον Ανθρωπιστικό Χώρο .--Συμπερασματικά ως προς τη διασύνδεση του ανθρωπιστικού έργου και πολιτικο-στρατιωτικών επιχειρήσεων -ΠΡΟΤΑΣΕΙΣ ΓΙΑ ΤΗ ΔΙΑΦΥΛΑΞΗ ΤΟΥ ΑΝΘΡΩΠΙΣΤΙΚΟΥ ΧΩΡΟΥ ΓΙΑ ΜΙΑ ΕΛΕΥΘΕΡΗ, ΑΣΦΑΛΗ ΠΡΟΣΒΑΣΗ ΣΕ ΠΛΗΘΥΣΜΟΥΣ ΣΕ ΑΝΑΓΚΗ Εισαγωγικά: οι προϋποθέσεις ελεύθερης και ασφαλούς πρόσβασης.--Αρχές</subfield>
  </datafield>
  <datafield tag="500" ind1=" " ind2=" ">
   <subfield code="a">Σημείωση: &quot;Ο Ανθρωπιστικός Χώρος προσεγγίζεται πιο αποτελεσματικά, όχι μέσα από τις απειλές και τους κινδύνους που υφίσταται, από την πολιτικοποίηση της ανθρωπιστικής δράσης και τη διασύνδεσή της με ευρύτερους στόχους, αποκατάστασης της ειρήνης και ασφάλειας, αλλά μέσα από τα συστατικά του, το νομικό πλαίσιο κανόνων και αρχών, που διασφαλίζουν την ελεύθερη και ασφαλή πρόσβαση ανθρωπιστικών οργανώσεων σε πληθυσμούς σε ανάγκη και, τελικά, την ανταπόκρισή τους σε αυτή την ανάγκη. Ακόμη κι αν ο Ανθρωπισμός ως ιδέα, αρχή, Χώρος ή ζητούμενο, ως έννοια και ως περιεχόμενο είναι συχνά υποκειμενικός και διαφέρει αναλόγως του εάν οράται από την οπτική των ανθρωπιστικών οργανώσεων, από κυβερνήσεις, ή από ενοποιημένες επιχειρήσεις των Ηνωμένων Εθνών, το ανθρωπιστικό μήνυμα τελικά δεν φαίνεται να χάνεται...&quot; - Οπισθόφυλλο του βιβλίου.</subfield>
  </datafield>
  <datafield tag="504" ind1=" " ind2=" ">
   <subfield code="a">Περιέχει βιβλιογραφία.</subfield>
  </datafield>
  <datafield tag="650" ind1=" " ind2="4">
   <subfield code="a">Ανθρωπιστικό δίκαιο.</subfield>
  </datafield>
  <datafield tag="650" ind1=" " ind2="4">
   <subfield code="a">Humanitarian law.</subfield>
  </datafield>
  <datafield tag="650" ind1=" " ind2="4">
   <subfield code="a">Humanitarian intervention.</subfield>
  </datafield>
  <datafield tag="650" ind1=" " ind2="4">
   <subfield code="a">Humanitarian assistance.</subfield>
  </datafield>
  <datafield tag="650" ind1=" " ind2="4">
   <subfield code="a">Ανθρωπιστική επέμβαση.</subfield>
  </datafield>
  <datafield tag="650" ind1=" " ind2="4">
   <subfield code="a">Ανθρωπιστική Βοήθεια.</subfield>
  </datafield>
  <datafield tag="700" ind1="1" ind2=" ">
   <subfield code="a">Μαρούδα, Μαρία-Ντανιέλλα.</subfield>
  </datafield>
  <datafield tag="700" ind1="1" ind2=" ">
   <subfield code="a">Περράκης, Στέλιος Ε.</subfield>
  </datafield>
  <datafield tag="710" ind1="2" ind2=" ">
   <subfield code="a">Ευρωπαϊκό Κέντρο Έρευνας &amp; Κατάρτισης Δικαιωμάτων του Ανθρώπου &amp; Ανθρωπιστικής Δράσης.</subfield>
  </datafield>
  <datafield tag="852" ind1=" " ind2=" ">
   <subfield code="a">INST</subfield>
   <subfield code="b">UNIPILB</subfield>
   <subfield code="c">MAIN</subfield>
   <subfield code="e">20190711</subfield>
   <subfield code="h">361.26 ΜΑΡ</subfield>
   <subfield code="p">00181772</subfield>
   <subfield code="q">00181772</subfield>
   <subfield code="t">LOAN</subfield>
   <subfield code="y">0</subfield>
   <subfield code="4">3</subfield>
  </datafield>
  <datafield tag="852" ind1=" " ind2=" ">
   <subfield code="a">INST</subfield>
   <subfield code="b">UNIPILB</subfield>
   <subfield code="c">MAIN</subfield>
   <subfield code="e">20190711</subfield>
   <subfield code="h">361.26 ΜΑΡ</subfield>
   <subfield code="p">00181773</subfield>
   <subfield code="q">00181773</subfield>
   <subfield code="t">LOAN</subfield>
   <subfield code="y">0</subfield>
   <subfield code="4">2</subfield>
  </datafield>
  <datafield tag="852" ind1=" " ind2=" ">
   <subfield code="a">INST</subfield>
   <subfield code="b">UNIPILB</subfield>
   <subfield code="c">MAIN</subfield>
   <subfield code="e">20190711</subfield>
   <subfield code="h">361.26 ΜΑΡ</subfield>
   <subfield code="p">00181774</subfield>
   <subfield code="q">00181774</subfield>
   <subfield code="t">LOAN</subfield>
   <subfield code="y">0</subfield>
   <subfield code="4">1</subfield>
  </datafield>
 </record>
</collection>
